Piłkarska kariera Hidetoshiego Nakaty. - Statystyki

Ogólne statystyki
  • Ten quiz został rozwiązany 11 razy
  • Średni wynik to 4 z 10
Statystyki odpowiedzi
Lata Drużyna % Poprawnych
2001-2004 Parma
91%
2004-2004 Parma
91%
2000-2001 Roma
73%
2004-2005 Fiorentina
36%
2006-2006 Fiorentina
36%
1998-2000 Perugia
18%
2004-2004 Bologna
9%
2005-2006 Bolton
9%
?-1995 Nirasaki HS
0%
1995-1998 Shonan Bellmare
0%
Nie znaleziono quizów pasujących do podanych kryteriów
Rozkład punktacji
Procent ludzi z każdym wynikiem
Percentyl według liczby udzielonych odpowiedzi
Twoja historia wyników
Nie rozwiązałeś tego quizu